Guia de l'Arxiu Municipal del Districte de les Corts / Montserrat Beltran i Morales
ISBN:
84-7609-867-7
Descripción Física:
119 p. : il. ; 21 cm
Colección:
Guies ; 5
MARC
| LEADER | 00000nam a2200000Ia 4500 | ||
|---|---|---|---|
| 001 | 12061 | ||
| 008 | 160829s1998 xx 000 0 cat d | ||
| 020 | |a 84-7609-867-7 | ||
| 080 | |a A-2-30 | ||
| 100 | |a Beltran, Montserrat |9 26028 | ||
| 245 | |a Guia de l'Arxiu Municipal del Districte de les Corts / Montserrat Beltran i Morales | ||
| 260 | |a Barcelona : |b Ajuntament de Barcelona, Arxiu Municipal i Districte de les Corts, |c 1998 | ||
| 300 | |a 119 p. : |b il. ; |c 21 cm | ||
| 490 | |a Guies ; 5 | ||
| 590 | |a Hi ha un duplicat a: DUP-329 | ||
| 650 | |a Arxiu Municipal del Districte de les Corts |x Guies |9 23099 | ||
| 710 | 2 | |a Arxiu Municipal de Barcelona |9 55021 | |
| 901 | |a Arxiu | ||
| 942 | |n 1 | ||
| 952 | |0 0 |1 0 |4 0 |6 A230 |7 1 |9 42533 |a Arxiu |b Arxiu |d 2016-12-01 |l 0 |o A-2-30 |p 12061 |r 2016-12-01 00:00:00 |w 2016-12-01 |y ARXIU | ||
| 999 | |c 45038 |d 45038 | ||